Top 15 Countries with Covid-19 Deaths - 4 May 2022 - Statistics

General Stats
  • This quiz has been taken 26 times
  • The average score is 17 of 27
Answer Stats
country % Correct
Italy
100%
United States
100%
Brazil
92%
France
92%
Mexico
92%
Russia
92%
United Kingdom
92%
Argentina
88%
India
88%
Germany
83%
Colombia
71%
Indonesia
67%
Poland
67%
Peru
63%
Hungary
54%
Romania
50%
Bosnia and Herzegovina
42%
Iran
42%
Bulgaria
38%
Croatia
38%
Czechia
38%
North Macedonia
38%
Slovenia
38%
Slovakia
33%
Latvia
29%
Lithuania
29%
Georgia
17%
No matching quizzes found
Score Distribution
Percent of People with Each Score
Percentile by Number Answered
Your Score History
You have not taken this quiz